Simplified design of wood structures / (Record no. 549065)

000 -LEADER
fixed length control field 00833cam a2200241 a 4500
020 ## - INTERNATIONAL STANDARD BOOK NUMBER
International Standard Book Number 0471303666 (acidfree)
082 00 - DEWEY DECIMAL CLASSIFICATION NUMBER
Classification number 694.1
Author Mark PAR
-- L-37, P-98
100 1# - MAIN ENTRY--PERSONAL NAME
Personal name Parker, Harry,
9 (RLIN) 40845
245 10 - TITLE STATEMENT
Title Simplified design of wood structures /
Statement of responsibility, etc. Harry Parker.
250 ## - EDITION STATEMENT
Edition statement 5th ed. /
260 ## - PUBLICATION, DISTRIBUTION, ETC.
Place of publication, distribution, etc. New York :
Name of publisher, distributor, etc. Wiley,
Date of publication, distribution, etc. c1994.
300 ## - PHYSICAL DESCRIPTION
Extent xiv, 351 p. :
Other physical details ill. ;
Dimensions 22 cm.
500 ## - GENERAL NOTE
General note Rev. ed. of: Simplified design of structural wood. 4th ed. c1988.
526 ## - STUDY PROGRAM INFORMATION NOTE
Program name 0
Interest level 0
Reading level 0
Title point value 694_100000000000000_PAR
650 #0 - SUBJECT ADDED ENTRY--TOPICAL TERM
Topical term or geographic name entry element Building, Wooden.
9 (RLIN) 25296
650 #0 - SUBJECT ADDED ENTRY--TOPICAL TERM
Topical term or geographic name entry element MCE
9 (RLIN) 379
650 #0 - SUBJECT ADDED ENTRY--TOPICAL TERM
Topical term or geographic name entry element Structural design.
700 1# - ADDED ENTRY--PERSONAL NAME
Personal name Ambrose, James E.
9 (RLIN) 1
700 1# - ADDED ENTRY--PERSONAL NAME
Personal name Parker, Harry,
9 (RLIN) 40845
856 4# - ELECTRONIC LOCATION AND ACCESS
Uniform Resource Identifier <a href="http://www.loc.gov/catdir/toc/onix01/93035635.html">http://www.loc.gov/catdir/toc/onix01/93035635.html</a>
856 42 - ELECTRONIC LOCATION AND ACCESS
Uniform Resource Identifier <a href="http://www.loc.gov/catdir/enhancements/fy0706/93035635-b.html">http://www.loc.gov/catdir/enhancements/fy0706/93035635-b.html</a>
942 ## - ADDED ENTRY ELEMENTS (KOHA)
Source of classification or shelving scheme
Koha item type Book
Holdings
Withdrawn status Lost status Source of classification or shelving scheme Damaged status Not for loan Permanent Location Current Location Date acquired Total Checkouts Full call number Barcode Date last seen Price effective from Koha item type
          Military College of Engineering (MCE) Military College of Engineering (MCE) 09/16/2014   694.1 PAR MCE-28810 09/16/2014 09/16/2014 Book
© 2023 Central Library, National University of Sciences and Technology. All Rights Reserved.